000 00456nam a2200181Ia 4500
005 20250326125756.0
008 250326s9999 xx 000 0 und d
037 _aTextbook
040 _aFMSL
_beng
_cFMSL
041 _aeng
_2eng
084 _aS N4
_qFMSL
100 _aSECORD
_9739663
245 0 _aSocial psychology
_cSecord; Backman
260 _aNY
_bNY, M G H
_c1964
300 _a659p
942 _cTB
_hS N4
999 _c1279511
_d1279511